000 00361nam a2200145Ia 4500
008 230312s9999||||xx |||||||||||||| ||und||
082 _a612
_bKAS-P
100 _aKasture ,A.V.
245 0 _aPractical Pharmaceutical Chemistry 1
260 _bNirali Prakashan
_aIndia
_c2007
300 _a71
546 _aEng.
650 _aPharmacy
_vPharmaceutics
942 _cBK
999 _c4055
_d4055